00393 a2200145 4500003000400000005001700004008004100021020001800062040000900080082001900089100002600108245005900134260004000193300001400233OSt20220103145801.0220103b ||||| |||| 00| 0 eng d a9789384813963 coclc a364.168bPAN/I aPande, JeetendracDr. aIntroduction to cyber security /c Dr. Jeetendra Pande bUttarakhand Open University,c2017. a151 pages